000 00488nam a2200169Ia 4500
001 14725
008 140403s9999 xx 000 0 und d
020 _a0-534-50669-0
040 _cPK-LaUMT
082 _aMR 371.1022
_bWOO-C
100 _aWood, Julia T.
245 _aCommunication theories in action (Instructor's resource guide):
_ban introduction.
_cWood, Julia T.
260 _aBelmont,USA:
_bWadsworth Publishing Company,
_c1997
300 _a144 p.
546 _aEN
942 _cBK
999 _c15302
_d15302